Представление документа в формате MARC21

Поле Инд. ПП Название Значение
Тип записи a
Библиографический уровень m
001 Контрольный номер 1be312df-dde0-40b9-b614-146809d018a7
005 Дата корректировки 20190830144701.7
008 Кодируемые данные 061228
020 a ISBN 5-89349-317-6 (Флинта)
a ISBN 5-02-022649-1 (Наука)
c Цена, тираж 50.00
040 a Служба первич. каталог. НБ ТвГУ
041 0_ a Код языка текста rus
h Код языка оригинала rus
080 a Индекс УДК 821.161.1.09(072.3)
a Индекс УДК 929Грибоедов
084 a Индекс другой классификации/Индекс ББК Ш5(2=411.2)51-4Грибоедов А.С.
a Индекс другой классификации/Индекс ББК Ч426.83
090 x Авторский знак П30
a Полочн. индекс Ш5(2=411.2)
100 1_ a Автор Петриева Лариса Игоревна
245 10 a Заглавие А. С. Грибоедов. Изучение в школе
b Продолж. заглавия учеб.-метод. пособие
c Ответственность Л. И. Петриева, Г. В. Пранцова
260 0_ a Место издания Москва
b Издательство Флинта
b Издательство Наука
c Дата издания 2001
300 a Объем 211, [2] с.
504 a Библиография Библиогр.: с. 211-212.
583 a Действие Получение впервые 483 20.12.2006
k Исполнитель действия ООО "Флинта"
650 04 a Основная рубрика Грибоедов, Александр Сергеевич, о нем
650 04 a Основная рубрика Русская литература
x Основная подрубрика История
y Хронологическая подрубрика 19 в.
650 04 a Основная рубрика Литература
x Основная подрубрика Методика преподавания в средней школе
653 0_ a Ключевые слова Грибоедов
a Ключевые слова Русская литература
a Ключевые слова Литература в школе
a Ключевые слова Преподавание литературы
a Ключевые слова Писатели
a Ключевые слова Русские писатели
a Ключевые слова Методика
a Ключевые слова Персоналии
700 1_ a Другие авторы Пранцова Галина Васильевна
e Роль лиц авт.
852 41 t Порядковый номер экземпляра 1
p Инвентарный номер 864080
888 a За счет средств университета
901 t Тип документа m
930 a Новая/Ретро персоналии
a Новая/Ретро методика
952 p 483.2006 50.00 1 864080
c Вид литературы К ру
954 a Дата поступления на обработку 20070115
999 a Подразделение 2 ч.з.